| 000 | 01233nam0a22003011 4500 | ||
|---|---|---|---|
| 001 | rc\2281504 | ||
| 005 | 20250623041958.0 | ||
| 035 | _a(NLR Aleph) 006560759 | ||
| 090 |
_a6840850 _c6840850 |
||
| 100 | _a20110829d1977 |||y0rusy50 ca | ||
| 101 | 0 | _arus | |
| 102 | _aRU | ||
| 105 | _aa j ||||| | ||
| 200 | 1 |
_aЭлектрооборудование и электроснабжение установок гидромеханизации _e[Учебник для энерг., гидроэнерг. и энергостроит. техникумов] _fГ.Г. Ферстер |
|
| 205 | _a2-е изд., перераб. и доп. | ||
| 210 |
_aМосква _cЭнергия _d1977 |
||
| 215 |
_a438 с. _cил. _d25 |
||
| 320 | _aСписок лит.: с. 438 (18 назв.) | ||
| 606 |
_aГидромеханизация _xОборудование _jУчебники и пособия _xЭлектропитание _2psbo |
||
| 686 |
_aН623.034-5-048.2я723-1 _2rubbk |
||
| 700 | 1 |
_aФерстер _bГ.Г. _gГеоргий Георгиевич |
|
| 801 | 0 |
_aRU _bNLR _gpsbo |
|
| 801 | 1 |
_aRU _bELAR _2rusmarc |
|
| 852 |
_aNLR _j77-7/885 |
||
| 899 |
_aRuMoRGB _jБ 77-33/15 |
||
| 899 |
_aRuMoRGB _jБ 77-33/16 |
||
| 942 | _cBOOK | ||
| 980 | _aNB | ||